000 00350nam a2200133 a 4500
005 20140414093842.0
008 081126s19uu xx 00 eng d
050 _aDVD 940.53
_bROA 2005
245 _aRoad to War :
_bGreat Britain, Italy.
440 _aHistory of World War II
650 _aWorld War, 1939-1945.
942 _cAVM
999 _c109355
_d109355